Szczegóły MARC21

Heroinen in der Geschlechterordnung : Weiblichkeitsprojektionen bei Daniel Caspar von Lohenstein und die "Q erelle des Femmes" /

005 -DATA I CZAS OSTATNIEJ MODYFIKACJI [,]
    • @
    • pole kontrolne
    • 20070315155141.9
020 -Międzynarod. znormalizowany nr książki - ISBN [ , ]
    • a
    • Numer ISBN
    • 3476014622 Find
040 -Instytucja sporządzająca opis [ , ]
    • a
    • Instytucja, która sporządziła opis (NP)
    • SZCZ U
    • c
    • Instytucja, która sporządziła rekord (NP)
    • SZCZ U
041 -Język dokumentu [0, ]
    • a
    • Język tekstu (P)
    • niemiecki
    • h
    • Język tekstu oryginalnego i/lub pośredniego (P)
    • niemiecki
942 -Rodzaj dokumentu [ , ]
    • c
    • Rodzaj dokumentu
    • Książka
100 -Hasło główne - nazwa osobowa [ , ]
    • a
    • Nazwa osobowa (NP)
    • PLUME, CORNELIA
245 -Strefa tytułu i oznaczenia odpowiedzialności [1, ]
    • a
    • Tytuł
    • Heroinen in der Geschlechterordnung : Find
    • b
    • Ciąg dalszy tytułu (NP)
    • Weiblichkeitsprojektionen bei Daniel Caspar von Lohenstein und die "Q erelle des Femmes" / Find
    • c
    • Pozostałe elementy strefy tytułu i oznaczenia odpowiedzialności (NP)
    • Cornelia Plume.
260 -Strefa adresu wydawniczego [ , ]
    • a
    • Miejsce wydania (P)
    • Stuttgart ; Weimar :
    • b
    • Nazwa wydawcy (P)
    • J.B.Metzler,
    • c
    • Data wydania (P)
    • 1996.
300 -Strefa opisu fizycznego [ , ]
    • a
    • Określenie formy książki i/lub objętość (NP)
    • 339 s. :
    • b
    • Oznaczenie ilustracji (NP)
    • il. :
    • c
    • Format (NP)
    • 23 cm.
490 -Strefa serii i książki wielotomowej - forma nie do wyszukiwania [0, ]
    • a
    • Tytuł (P)
    • (Ergebnisse der Frauenforschung ; Find
    • v
    • Numeracja (P)
    • Bd.42)
500 -Uwaga ogólna [ , ]
    • a
    • Uwaga ogólna (NP)
    • Bibliogr. Ind
080 -Uniwersalna Klasyfikacja Dziesiętna [ , ]
    • a
    • Symbol klasyfikacji
    • 830(091)-31"16"Lohenstein D.C.von=30
980 -Symbol UKD [ , ]
    • a
    • UKD
    • 830(091)-31"16"Lohenstein D.C.von=30
920 -ISBN [ , ]
    • a
    • ISBN
    • 3-476-01462-2 Find
Sygnatura Numer inwentarzowy Status udost. Lokalizacja Data inwentaryzacji
Germ. Literaturoznawstwo 48G.16306-3BM2002-03-18